Normal view MARC view

Entry Personal Name

Number of records used in: 2

001 - CONTROL NUMBER

  • control field: 44724

003 - CONTROL NUMBER IDENTIFIER

  • control field: dpl

005 - DATE AND TIME OF LATEST TRANSACTION

  • control field: 20120403164703.0

008 - FIXED-LENGTH DATA ELEMENTS

  • fixed length control field: 120403|||a|||||| | ||| d

040 ## - CATALOGING SOURCE

  • Original cataloging agency: dpl
  • Transcribing agency: dpl

100 ## - HEADING--PERSONAL NAME

  • Personal name: Pandian, M.S.S.

670 ## - SOURCE DATA FOUND

  • Source citation: Work cat.: (dpl)64285: Pandian, M.S.S., Brahmin and non-brahmin :, 2007

670 ## - SOURCE DATA FOUND

  • Source citation: Work cat.: (dpl)64285: Pandian, M.S.S., Brahmin and non-brahmin :, 2007

© Delhi Public Library
Hit Counter
free hit counter